Freedom of the Press (Record no. 339425)

000 -LEADER
fixed length control field 00287cam a22001097a 4500
008 - FIXED-LENGTH DATA ELEMENTS--GENERAL INFORMATION
fixed length control field 180718b1976 xxu||||| |||| 00| 0 eng d
082 ## - DEWEY DECIMAL CLASSIFICATION NUMBER
Classification number I548 Am35
245 ## - TITLE STATEMENT
Title Freedom of the Press
260 ## - PUBLICATION, DISTRIBUTION, ETC.
Place of publication, distribution, etc. Washington, D.C.
Name of publisher, distributor, etc. AEI for Public Policy Research
Date of publication, distribution, etc. 1976
300 ## - PHYSICAL DESCRIPTION
Extent 101p.
650 ## - SUBJECT ADDED ENTRY--TOPICAL TERM
Topical term or geographic name entry element Press
Holdings
Withdrawn status Lost status Damaged status Not for loan Permanent Location Current Location Date acquired Full call number Barcode Date last seen Price effective from Koha item type
        Indian Institute of Public Administration Indian Institute of Public Administration 1993-06-24 I548 Am35 54791 2018-07-21 2018-07-21 Book

Powered by Koha